000 00616nam a22001817a 4500
003 UA-OsUOA
001 25587
007 ta
008 20040419b un ||||| |||| 00| 0 ukr d
100 _aОрбан-Лембрик Л.
942 _cSA
040 _aUA-OsUOA
_cUA-OsUOA
_dUA-OsUOA
245 _aЗалежність поведінки особистості від впливу проблемнного соціуму
300 _aС.71-82
955 _a0
773 0 _w0
_tПсихологія і суспільство
_dТернопіль
_d2004
_g№1
650 7 _aПсихологія особистості
_2UDC
999 _c311885
_d311885